All Eurasian cities with over 1 million people - Statistics

General Stats
  • This quiz has been taken 9 times
  • The average score is 98 of 138
Answer Stats
Population Country City % Correct
21,516,000 China Beijing
100%
18,676,605 China Guangzhou
100%
20,382,881 Pakistan Karachi
100%
24,256,800 China Shanghai
100%
17,494,398 China Shenzhen
100%
1,806,833 Kazakhstan Almaty
89%
5,271,000 Turkey Ankara
89%
1,047,966 Kazakhstan Astana
89%
7,180,889 Iraq Baghdad
89%
2,344,900 Azerbaijan Baku
89%
10,539,415 Thailand Bangkok
89%
1,702,547 Spain Barcelona
89%
1,683,229 Serbia Belgrade
89%
8,443,675 India Bengaluru
89%
3,897,145 Germany Berlin
89%
1,157,603 United Kingdom Birmingham
89%
1,719,958 Romania Bucharest
89%
1,686,222 Hungary Budapest
89%
3,510,833 South Korea Busan
89%
3,164,337 Philippines Cebu
89%
4,741,929 China Chengdu
89%
4,646,732 India Chennai
89%
8,189,800 China Chongqing
89%
14,543,124 Bangladesh Dhaka
89%
2,643,410 UAE Dubai
89%
1,910,160 Germany Hamburg
89%
3,560,391 China Hangzhou
89%
8,053,663 Vietnam Hanoi
89%
8,993,082 Vietnam Ho Chi Minh
89%
7,298,600 China (SAR) Hong Kong
89%
6,809,970 India Hyderabad
89%
3,429,471 Pakistan Hyderabad
89%
15,701,602 Turkey Istanbul
89%
4,168,000 Turkey Izmir
89%
3,456,259 Saudi Arabia Jeddah
89%
3,414,100 Afghanistan Kabul
89%
4,486,679 India Kolkata
89%
1,982,112 Malaysia Kuala Lumpur
89%
2,952,301 Ukraine Kyiv
89%
13,004,135 Pakistan Lahore
89%
8,866,180 United Kingdom London
89%
13,484,462 Philippines Manila
89%
1,371,499 Italy Milan
89%
1,996,730 Belarus Minsk
89%
13,274,285 Russia Moscow
89%
17,637,000 India Mumbai
89%
8,187,828 China Nanjing
89%
2,691,742 Japan Osaka
89%
2,048,472 France Paris
89%
1,397,880 Czech Republic Prague
89%
3,255,388 North Korea Pyongyang
89%
5,676,621 Saudi Arabia Riyadh
89%
2,751,747 Italy Rome
89%
10,010,784 South Korea Seoul
89%
8,106,171 China Shenyang
89%
5,535,000 Singapore Singapore
89%
1,329,825 Bulgaria Sofia
89%
5,652,922 Russia St. Petersburg
89%
4,462,002 India Surat
89%
2,704,974 Taiwan Taipei
89%
1,258,526 Georgia Tbilisi
89%
8,154,051 Iran Tehran
89%
6,859,779 China Tianjin
89%
13,513,734 Japan Tokyo
89%
2,028,399 Austria Vienna
89%
1,862,402 Poland Warsaw
89%
6,886,253 China Wuhan
89%
1,127,000 Armenia Yerevan
89%
6,025,985 Bangladesh Chittagong
78%
1,086,463 Germany Cologne
78%
3,073,350 India Jaipur
78%
10,075,310 Indonesia Jakarta
78%
1,329,825 Russia Kazan
78%
1,421,225 Ukraine Kharkiv
78%
1,474,570 Japan Kyoto
78%
3,416,771 Spain Madrid
78%
2,097,610 Indonesia Medan
78%
1,510,378 Germany Munich
78%
2,296,014 Japan Nagoya
78%
1,198,245 Russia Nizhny Novgorod
78%
1,010,537 Ukraine Odessa
78%
2,234,566 Cambodia Phnom Penh
78%
1,154,223 Russia Samara
78%
2,765,487 Indonesia Surabaya
78%
5,214,000 Myanmar Yangon
78%
5,570,585 India Ahmedabad
67%
7,044,118 China Changsha
67%
1,202,371 Russia Chelyabinsk
67%
2,492,994 South Korea Daegu
67%
1,632,991 Philippines Davao City
67%
6,480,765 Pakistan Faisalabad
67%
1,483,052 Japan Fukuoka
67%
3,352,076 China Hefei
67%
2,405,665 India Nagpur
67%
1,612,833 Russia Novosibirsk
67%
3,115,431 India Pune
67%
2,936,116 Philippines Quezon City
67%
1,918,096 Japan Sapporo
67%
5,391,028 China Shantou
67%
4,467,837 China Xi'an
67%
1,501,652 Russia Yekaterinburg
67%
4,122,087 China Zhengzhou
67%
2,575,478 Indonesia Bandung
56%
3,001,475 India Lucknow
56%
1,154,116 Russia Omsk
56%
1,027,518 Russia Perm
56%
3,201,000 Pakistan Peshawar
56%
3,510,000 Pakistan Rawalpindi
56%
1,143,123 Russia Rostov-on-Don
56%
1,166,098 Russia Ufa
56%
1,012,219 Russia Volgograd
56%
3,531,347 China Xiamen
56%
3,726,167 Japan Yokohama
56%
8,220,207 China Dongguan
44%
2,773,229 Taiwan Kaohsiung
44%
1,536,499 Japan Kobe
44%
1,154,885 Russia Krasnodar
44%
1,090,811 Russia Krasnoyarsk
44%
4,000,164 Taiwan New Taipei
44%
1,005,996 Kazakhstan Shymkent
44%
3,039,439 China Wenzhou
44%
16,787,941 India Dehli
33%
2,809,004 Taiwan Taichung
33%
1,883,078 Taiwan Tainan
33%
1,041,722 Russia Voronezh
33%
1,583,978 Philippines Caloocan
22%
6,151,622 China Foshan
22%
1,500,689 Bangladesh Khulna
22%
10,650,501 China Suzhou
22%
2,230,653 Taiwan Taoyuan
22%
2,978,367 South Korea Icheon
11%
1,437,266 Japan Kawasaki
11%
2,232,456 India Kochi
11%
1,126,741 India Ranchi
11%
4,280,701 India Vadodara
11%
3,121,275 China Zhongshan
11%
6,127,009 China Zunyi
11%
3,520,846 China Quanzhou
0%
No matching quizzes found
Score Distribution
Percent of People with Each Score
Percentile by Number Answered
Your Score History
You have not taken this quiz